NFL Most underrated QUIZ!! - Statistics

General Stats
  • This quiz has been taken 6 times
  • The average score is 2 of 15
Answer Stats
Hint Answer % Correct
1 Demario Douglas
40%
9 Kieon White
40%
15 Drake Maye
20%
10 Hunter Henry
20%
4 James Cook
20%
2 Jauan Jennings
20%
13 Jaylen Warren
20%
7 Jerry Juedy
20%
6 Jordan Addison
20%
12 Jordan Mason
20%
14 Jamies Winston
0%
3 Johan Dotson
0%
8 Kyler Murray
0%
5 Noah Phant
0%
11 Tyler Algier
0%
No matching quizzes found
Score Distribution
Percent of People with Each Score
Percentile by Number Answered
Your Score History
You have not taken this quiz